| 000 | 01332cam a2200337 i 4500 | ||
|---|---|---|---|
| 999 |
_c28571 _d28542 |
||
| 001 | 17553891 | ||
| 003 | EG-ScBUE | ||
| 005 | 20200823095151.0 | ||
| 008 | 121207s2013 enk f b 001 0 eng d | ||
| 020 | _z9781137003256 (paperback) | ||
| 040 |
_aDLC _beng _erda _cDLC _dEG-ScBUE |
||
| 043 | _ad------ | ||
| 082 | 0 | 4 |
_a320.91724 _bSMI _222 |
| 100 | 1 |
_aSmith, Brian C. _q(Brian Clive), _d1938- _eauthor. |
|
| 245 | 1 | 0 |
_aUnderstanding third world politics : _btheories of political change and development / _cB.C. Smith. |
| 250 | _aFourth edition. | ||
| 264 | 1 |
_aHoundmills, Basingstoke, Hampshire : _bPalgrave Macmillan, _c2013. |
|
| 300 |
_axviii, 292 pages ; _c24 cm |
||
| 336 |
_atext _2rdacontent _btxt |
||
| 337 |
_aunmediated _2rdamedia _bn |
||
| 338 |
_avolume _2rdacarrier _bnc |
||
| 504 | _aIncludes bibliographical references and index. | ||
| 650 | 7 |
_aSocial change _zDeveloping countries _xStudy and teaching. _2BUEsh |
|
| 650 | 7 |
_aEconomic development _xStudy and teaching. _2BUEsh |
|
| 651 | 7 |
_aDeveloping countries _xPolitics and government _xStudy and teaching. _2BUEsh |
|
| 653 |
_bBUSBOL _cJuly2020 |
||
| 655 |
_vReading book _934232 |
||
| 906 |
_a7 _bcbc _corignew _d1 _eecip _f20 _gy-gencatlg |
||
| 942 |
_2ddc _cBB |
||